Statistics for City Chain #2

Click here to take the quiz!

General Stats

  • This quiz has been taken 169 times
  • The average score is 15 of 21

Answer Stats

HintAnswer% Correct
Where you can find Westminster, Big Ben and Tower BridgeLondon
99%
Nicknamed 'the Big Apple'New York
99%
Famous for Copacabana Beach, Christ the Redeemer and its carnivalRio de Janeiro
93%
Egyptian city, once famous for its library and lighthouseAlexandria
91%
Capital of ScotlandEdinburgh
91%
Biggest city in ChinaShanghai
90%
Capital of South Australia, named after the German-English Queen AdelheidAdelaide
85%
Former British protectorate that was transferred to China in 1997Hong Kong
82%
Sports brand named after Japanese cityOsaka
77%
Where you can find the Taj MahalAgra
76%
South American capital whose name refers to the Assumption of MaryAsuncion
76%
Italian city by the Ligurian Sea that has the biggest Italian portGenoa
76%
Capital city of SudanKhartoum
73%
Third largest Turkish city that is located by the Aegean SeaIzmir
65%
French city on the Loire river that is famous for its cathedralNantes
59%
Second largest city in Kenya, situated on the Indian OceanMombasa
57%
French city where the popes resided in the 14th centuryAvignon
53%
City in northern Syria that was destroyed during the Syrian warAleppo
52%
Third largest metropolis in AfricaKinshasa
49%
Biggest city on the Crimean PeninsulaSevastopol
47%
Largest city in SiberiaNovosibirsk
42%

Score Distribution

Percentile by Number Answered

Percent of People with Each Score

Your Score History

You have not taken this quiz